00911nam a2200193 i 450000100060000000300090000600500170001500700030003200800410003510000310007624503370010726000390044430000210048350000550050450000490055961000480060871000370065685200240069394920ES-MaACL20230906181602.0t|050518s1932 cu ||||1| spa d1 aLufríu y Alonso, René.13aLa vida de la Academia de la Historia b: (1931-1932) / cmemoria leída por el secretario Dr. René Lufriu y Alonso ; informes presentados por los señores capitán d. Joaquín Llaverías ... d. Carlos M. Trelles ... dr. José A. Rodríguez García ... dr. Emeterio S. Santovenia ... y concurso a premio del año de 1932. aLa Habana : bEl Siglo XX, c1932. a62 p. ; c28 cm. aPrecede al tít: Academia de la Historia de Cuba. aInformes y concurso a premio del año 1932.24aAcademia de la Historia de Cuba-vMemorias.2 aAcademia de la Historia de Cuba. aES-MaACLj1763-F-17